Population and reproductive health in India : (Record no. 94461)

MARC details
000 -LEADER
fixed length control field 00799nam a22002177a 4500
005 - DATE AND TIME OF LATEST TRANSACTION
control field 20150706104631.0
010 ## - LCCN (DPL NO)
LC control number ENG-113322
020 ## - INTERNATIONAL STANDARD BOOK NUMBER
Terms of availability 975.00
International Standard Book Number 0198096232
020 ## - INTERNATIONAL STANDARD BOOK NUMBER
Terms of availability 975.00
International Standard Book Number 9780198096238
035 ## - SYSTEM CONTROL NUMBER
System control number EN-96854
037 ## - SOURCE OF ACQUISITION
Source of stock number/acquisition DBAD/PUB
082 ## - DEWEY DECIMAL CLASSIFICATION NUMBER
Classification number 304.60954
245 ## - TITLE STATEMENT
Title Population and reproductive health in India :
Statement of responsibility, etc by Shireen J. Jejeebhoy...[et al]
Remainder of title an assessment of the current situation and future needs /
260 ## - PUBLICATION, DISTRIBUTION, ETC. (IMPRINT)
Place of publication, distribution, etc New Delhi
Name of publisher, distributor, etc Oxford University Press
Date of publication, distribution, etc 2014
270 ## - ADDRESS
Address YMCA Library Building, 1 Jai Singh Road,
City New Delhi
Postal code 110001
300 ## - PHYSICAL DESCRIPTION
Extent xx,344p.
Dimensions 23cm(Hb)
500 ## - GENERAL NOTE
General note Includes bibliographical references and index.
650 ## - SUBJECT ADDED ENTRY--TOPICAL TERM
Topical term or geographic name as entry element Reproductive health |
Geographic subdivision India.
700 ## - ADDED ENTRY--PERSONAL NAME
Personal name Jejeebhoy, Shireen J.
942 ## - ADDED ENTRY ELEMENTS (KOHA)
Source of classification or shelving scheme Dewey Decimal Classification
Item type English Books
Call number suffix POP
Classification part 304.60954
Holdings
Withdrawn status Lost status Not for loan Collection code Home library Current library Date acquired Source of acquisition Cost, normal purchase price Full call number Barcode Copy number Cost, replacement price Koha item type
    Not For Loan Non-fiction D.B.Act.Division D.B.Act.Division 23/06/2015 DBAD/PUB 975.00 304.60954 POP EN-96854 1 975.00 English Books

© Delhi Public Library
Hit Counter
free hit counter